| 000 | 00856nas a2200253 4500 | ||
|---|---|---|---|
| 001 | BR9902647 | ||
| 003 | BR-BrBNA | ||
| 005 | 20231205101423.0 | ||
| 007 | ta | ||
| 008 | 230509b bl.|||p| |||| 00| 00por d | ||
| 040 |
_aBR-BrBNA _bpor _cBiblioteca Nacional de Agricultura |
||
| 041 | _a(Pt) | ||
| 072 | _aM11 | ||
| 100 | 1 | _aBorges, S.A.G.V. | |
| 100 | 1 | _aGurgel, H. de C.B. | |
| 100 | 1 | _aCanan, B. | |
| 245 | 1 | _aEstrutura populacional de Parauchenipterus galeatus Linnaeus, 1766 (Siluriformes, Auchenipteridae), da lagoa do Jiqui, Parnamirim, Rio Grande do Norte | |
| 650 | _aPeixe de Agua Doce | ||
| 650 | _aLevantamento Populacional | ||
| 650 | _aRio Grande do Norte | ||
| 773 | 0 |
_tRevista Ceres (Brazil) _xISSN 0034-737X _g(Mar-Apr 1999), v. 46(264) p. 209-218 _wBR9902647 |
|
| 909 |
_a202311 _bLúcia _c55 _dLúcia Elande |
||
| 942 |
_2AGRIS _n0 _cANA |
||
| 999 |
_c161732 _d161732 |
||